Ricardo Cisneros (Record no. 109499)

MARC details
000 -LEADER
campo de control de longitud fija 00911nam a2200265 i 4500
001 - NÚMERO DE CONTROL
campo de control 109499
003 - IDENTIFICADOR DE NÚMERO DE CONTROL
campo de control ES-MaACL
005 - FECHA Y HORA DE LA ÚLTIMA TRANSACCIÓN
campo de control 20250727165746.0
007 - CAMPO FIJO DE DESCRIPCIÓN FÍSICA--INFORMACIÓN GENERAL
campo de control de longitud fija t|
008 - DATOS DE LONGITUD FIJA--INFORMACIÓN GENERAL
campo de control de longitud fija 151020s2011 xxuo |||| | eng d
020 ## - NÚMERO INTERNACIONAL ESTÁNDAR DEL LIBRO
Número Internacional Estándar del Libro 978-0-578-08733-7
080 ## - NÚMERO DE LA CLASIFICACIÓN DECIMAL UNIVERSAL
Número de la Clasificación Decimal Universal 77.058.2
100 1# - ENTRADA PRINCIPAL--NOMBRE DE PERSONA
Nombre de persona Cisneros, Ricardo.
9 (RLIN) 151367
245 10 - MENCIÓN DEL TÍTULO
Título Ricardo Cisneros
Resto del título : between two worlds /
Mención de responsabilidad, etc. Ricardo Cisneros ; [edited by Juan Luque ; with contributions by Monika Bravo and Raúl Zamudio].
260 ## - PUBLICACIÓN, DISTRIBUCIÓN, ETC.
Lugar de publicación, distribución, etc. New York :
Nombre del editor, distribuidor, etc. Two Leaves,
Fecha de publicación, distribución, etc. 2011.
300 ## - DESCRIPCIÓN FÍSICA
Extensión 224 p. :
Otras características físicas principalmente fot. col. ;
Dimensiones 30 cm.
600 14 - PUNTO DE ACCESO ADICIONAL DE MATERIA--NOMBRE DE PERSONA
Nombre de persona Cisneros, Ricardo.
9 (RLIN) 151367
650 #7 - PUNTO DE ACCESO ADICIONAL DE MATERIA--TÉRMINO DE MATERIA
Término de materia o nombre geográfico como elemento de entrada Fotografía submarina
Fuente del encabezamiento o término embne
9 (RLIN) 163272
700 1# - ENTRADA AGREGADA--NOMBRE PERSONAL
Nombre de persona Luque, Juan.
9 (RLIN) 74818
700 1# - ENTRADA AGREGADA--NOMBRE PERSONAL
Nombre de persona Bravo, Monika.
9 (RLIN) 151369
700 1# - ENTRADA AGREGADA--NOMBRE PERSONAL
Nombre de persona Zamudio, Raúl.
9 (RLIN) 157947
852 ## - LOCALIZACIÓN
Ubicación ES-MaACL
Número de control de estantería A-13442
itemnumber 113649
Sublocalización o colección R.150620
Ubicación en estantería Depósito 1
Signatura antigua Olim: N-6442
942 ## - ELEMENTOS DE ENTRADA SECUNDARIOS (KOHA)
Fuente del sistema de clasificación o colocación Clasificación decimal universal
Tipo de ítem Koha Libro impreso
Holdings
Estatus retirado Estado de pérdida Fuente del sistema de clasificación o colocación Estado de daño No para préstamo Biblioteca de origen Biblioteca actual Ubicación en estantería Fecha de adquisición Fuente de adquisición Total de préstamos Signatura topográfica completa Código de barras Visto por última vez Precio de reemplazo Tipo de ítem Koha
    Clasificación decimal universal     Biblioteca del Ateneo de Madrid Biblioteca del Ateneo de Madrid Depósito 1 20/10/2015 Donación   A-13442 1194285 23/02/2023 23/02/2023 Libro impreso